Statistiken für Deutsche Fußball-Nationalspieler 2019

Klicken Sie hier um das Quiz zu spielen!

Allgemein

  • Dieses Quiz wurde 75 mal gespielt
  • Das Durchschnittsergebnis liegt bei 14 aus 29

Antwortstatistiken

HintAntwort% Korrekt
TorManuel Neuer
99%
TorMarc-André ter Stegen
94%
MittelfeldJoshua Kimmich
88%
AngriffSerge Gnabry
78%
AbwehrAntonio Rüdiger
75%
AngriffLeroy Sané
73%
AbwehrNiklas Süle
73%
MittelfeldLeon Goretzka
72%
MittelfeldToni Kroos
70%
MittelfeldMarco Reus
67%
AngriffTimo Werner
67%
AbwehrMatthias Ginter
57%
Mittelfeldİlkay Gündoğan
55%
AngriffKai Havertz
54%
AbwehrEmre Can
46%
AbwehrLukas Klostermann
45%
MittelfeldJulian Brandt
40%
AbwehrMarcel Halstenberg
39%
AbwehrThilo Kehrer
36%
AbwehrJonathan Tah
34%
AbwehrJonas Hector
31%
MittelfeldJulian Draxler
31%
AbwehrNico Schulz
22%
MittelfeldSebastian Rudy
21%
AbwehrRobin Koch
15%
AngriffLuca Waldschmidt
10%
AbwehrNiklas Stark
10%
MittelfeldNadiem Amiri
9%
MittelfeldSuat Serdar
6%

Verteilung der Resultate

Perzentil nach korrekt beantworteten Fragen

Anzahl Personen mit jedem Resultat

Ihre Resultats-Entwicklung

Sie haben dieses Quiz noch nicht gespielt